Scriptores de orthographia
Guardado en:
| Autor principal: | |
|---|---|
| Formato: | Desconocido |
| Lenguaje: | alemán |
| Publicado: |
Leipzig
in aedibus BG Teubneri
1880
|
| Catálogo: | MANES: Resultados de Búsqueda del Catálogo |
| Clasificación de libros de texto: |
|
| Colección: | Grammatici latini / ex recensione Henrici Keilii
|
| Etiquetas: |
Agregar Etiqueta
Sin Etiquetas, Sea el primero en etiquetar este registro!
|
| Añadido a: | 2016-04-26 |
| Cambiado en: | 2026-01-30 |
MARC
| LEADER | 000000000a22000000004500 | ||
|---|---|---|---|
| 001 | 35615 | ||
| 003 | OSt | ||
| 005 | 20260130100431.0 | ||
| 008 | 160427s gw ||||| |||| 00| 0 ger d | ||
| 040 | |a manes |c manes | ||
| 041 | |a Latín | ||
| 100 | 1 | |a Sin autor |9 17576 | |
| 245 | 0 | 0 | |a Scriptores de orthographia |
| 260 | 3 | |a Leipzig |b in aedibus BG Teubneri |c 1880 | |
| 300 | |a 676 p. |c 25 cm | ||
| 440 | |a Grammatici latini / ex recensione Henrici Keilii |9 20010 | ||
| 500 | |a Signatura: JE15/36. Enc. hol. grabada. | ||
| 690 | |a LC | ||
| 691 | 0 | |a SE | |
| 942 | |2 ddc |c BK | ||
| 546 | |a España | ||
| 999 | |c 42613 |d 42613 | ||
| 999 | |c manes:42613 |d 42613 | ||